| 000 | 01687nam a2200241 a 4500 | ||
|---|---|---|---|
| 001 | BRCA_8898 | ||
| 005 | 20190320210442.0 | ||
| 008 | 160617s1779----sp-#######---#000-0#spa-# | ||
| 041 | _aspa | ||
| 044 | _asp | ||
| 084 |
_aCO67 _b.M37 1779 |
||
| 100 | 1 |
_aMartínez, Manuel Silvestre _921602 |
|
| 245 | 1 | 0 |
_aAdicción a la librería de Jueces, utilísima y universal, que para todos los desean imponerse en la Jurisprudencia Práctica, Derecho Real de España, y Reales Resoluciones más modernas de rigorosa observancia, y en especial para ABOGADOS, Alcaldes, Corregidores, Intendentes, Prelados, Regulares y Jueces Eclesiásticos, Párrocos, Regladores, Escribanos, Diputados, Sindicos y Personeras _cescribió en 8 toms el Licenciado D.Manuel Silvestre Martínez... |
| 260 |
_aMadrid _bEn la Imprenta de Ramón Ruiz _c1779 |
||
| 300 |
_a[2], XVI, 306 p., 2a imp. _c21.3 x 16 cm |
||
| 500 | _aCon licencia | ||
| 500 | _aEn que se resumen y exponen todas las Pragmaticas, Reales Cédulas, Instrucciones, Ordenanzas, Reglamentos, Bandos y demás Providencias aun no recopiladas que concuerdan, derogan ó declaran las antiguas Disposiciones, ó dan otras nuevas por la serie de su Promulgación, y la que corresponde á los Titulos y Materias de que tratan donde van colocadas según el método de ducho Autor, y comprehende los postriores desde el año de 1774 hasta el de 1790 | ||
| 500 | _aTomo I Y IX de dicha librería, Dedicado al Excmo. Sr. Marques de Baxamar, &c. Por Don Ramón Antonio de Higuera | ||
| 500 | _aEstado físico: presenta encuadernación en pergamino | ||
| 650 | 1 | 4 |
_aJurisprudencia _yObras anteriores a 1800 _zEspaña _922138 |
| 902 | _aCFM | ||
| 942 |
_2lcc _cB |
||
| 999 |
_c8549 _d8549 |
||